[Event "BCF-chT3E 2223 (4NCL)"]
[Site "England"]
[Date "2023.03.26"]
[Round "8.24"]
[White "Hodge, Steve R"]
[Black "Duckers, Harvey L"]
[Result "1/2-1/2"]
[WhiteElo "2024"]
[BlackElo "2022"]
[PlyCount "112"]
[EventDate "2022.11.05"]
[EventType "team-tourn"]
[EventRounds "11"]
[EventCountry "ENG"]
[SourceTitle "EXT 2024"]
[Source "ChessBase"]
[SourceDate "2023.10.10"]
[SourceVersion "1"]
[SourceVersionDate "2023.10.10"]
[SourceQuality "1"]
[WhiteTeam "Hull & East Riding Tigers"]
[BlackTeam "Crowthorne"]
[WhiteTeamCountry "ENG"]
[BlackTeamCountry "ENG"]

1. e4 c5 2. Nf3 e6 3. d3 Nc6 4. g3 d5 5. Qe2 Be7 6. Bg2 Nf6 7. 0-0 b6 8. e5 Nd7 9. c4 d4 10. Re1 Bb7 11. h4 h6 12. h5 Qc7 13. Na3 a6 14. Nc2 0-0-0 15. Bd2 Rde8 16. Rab1 f6 17. exf6 Bxf6 18. b4 e5 19. b5 Nd8 20. bxa6 Bxa6 21. Na3 Nf7 22. Nb5 Bxb5 23. Rxb5 Nd6 24. Rb3 e4 25. dxe4 Rxe4 26. Qd3 Rxe1+ 27. Bxe1 b5 28. Ra3 Nb6 29. Ba5 Re8 30. Nd2 b4 31. Bxb6 Qxb6 32. Ra8+ Kd7 33. Rxe8 Kxe8 34. Ne4 Nxe4 35. Qxe4+ Be7 36. Qa8+ Bd8 37. Qd5 Be7 38. Be4 Qf6 39. Bg6+ Kf8 40. Kg2 d3 41. Bxd3 Qd6 42. Qf5+ Bf6 43. Qc8+ Bd8 44. Be4 Qc7 45. Qf5+ Bf6 46. Bd5 Ke8 47. Qe6+ Kd8 48. Qg8+ Ke7 49. Qf7+ Kd8 50. Qe6 Bd4 51. Qg8+ Ke7 52. Qf7+ Kd8 53. Qf5 Qe7 54. Qf4 Kc8 55. Qf5+ Kd8 56. Qf4 Kc8 1/2-1/2

[Event "BCF-chT3E 2223 (4NCL)"]
[Site "England"]
[Date "2023.02.12"]
[Round "6.54"]
[White "Hodge, Steve R"]
[Black "Lancaster, Roger"]
[Result "0-1"]
[WhiteElo "2007"]
[BlackElo "1956"]
[PlyCount "52"]
[EventDate "2022.11.05"]
[EventType "team-tourn"]
[EventRounds "11"]
[EventCountry "ENG"]
[SourceTitle "EXT 2024"]
[Source "ChessBase"]
[SourceDate "2023.10.10"]
[SourceVersion "1"]
[SourceVersionDate "2023.10.10"]
[SourceQuality "1"]
[WhiteTeam "Hull & East Riding Tigers"]
[BlackTeam "Watford"]
[WhiteTeamCountry "ENG"]
[BlackTeamCountry "ENG"]

1. e4 e6 2. d4 d5 3. Nd2 c5 4. Ngf3 cxd4 5. exd5 Qxd5 6. Bc4 Qd6 7. 0-0 Nf6 8. Nb3 Nc6 9. Nbxd4 Nxd4 10. Nxd4 a6 11. Re1 Qc7 12. Bf1 Bd6 13. Nf5 Bxh2+ 14. Kh1 0-0 15. Nxg7 Rd8 16. Qf3 Kxg7 17. Bg5 Be5 18. c3 Bd7 19. Qe3 Ng4 20. Qe2 f5 21. f3 Bf6 22. fxg4 Bxg5 23. gxf5 exf5 24. Qf3 Qc6 25. Qg3 Qh6+ 26. Kg1 Be8 0-1

[Event "BCF-chT3N 1819 (4NCL)"]
[Site "England"]
[Date "2018.11.10"]
[Round "1.32"]
[White "Boswell, Jacob Connor"]
[Black "Hodge, Steve R"]
[Result "0-1"]
[WhiteElo "2035"]
[BlackElo "1991"]
[PlyCount "64"]
[EventDate "2018.11.10"]
[EventType "team-swiss"]
[EventRounds "11"]
[EventCountry "ENG"]
[SourceTitle "EXT 2021"]
[Source "ChessBase"]
[SourceDate "2020.10.23"]
[SourceVersion "1"]
[SourceVersionDate "2020.10.23"]
[SourceQuality "1"]
[WhiteTeam "Cheddleton II"]
[BlackTeam "Jorvik"]
[WhiteTeamCountry "ENG"]
[BlackTeamCountry "ENG"]

1. e4 c5 2. Nf3 Nc6 3. d4 cxd4 4. Nxd4 Nf6 5. Nc3 e5 6. Ndb5 d6 7. Bg5 a6 8. Na3 b5 9. Nd5 Be7 10. Bxf6 Bxf6 11. Be2 0-0 12. 0-0 Bg5 13. f3 Ne7 14. c4 b4 15. Nc2 a5 16. Kh1 Nxd5 17. Qxd5 Be6 18. Qd3 Qb6 19. b3 f5 20. a3 fxe4 21. Qxe4 d5 22. Qxe5 Bf6 23. c5 Bxe5 24. cxb6 Bxa1 25. Rxa1 Rab8 26. axb4 axb4 27. Ra6 Rfc8 28. Ne3 Rc1+ 29. Nf1 Bc8 30. Ra5 Rxb6 31. Rxd5 Ba6 32. Bc4 Bxc4 0-1

[Event "BCF-chT3N 1718 (4NCL)"]
[Site "England"]
[Date "2018.05.05"]
[Round "9.52"]
[White "Mercs, Peter J"]
[Black "Hodge, Steve R"]
[Result "0-1"]
[WhiteElo "2095"]
[BlackElo "1902"]
[PlyCount "64"]
[EventDate "2017.11.11"]
[EventType "team-swiss"]
[EventRounds "11"]
[EventCountry "ENG"]
[SourceTitle "EXT 2020"]
[Source "ChessBase"]
[SourceDate "2019.10.17"]
[SourceVersion "1"]
[SourceVersionDate "2019.10.17"]
[SourceQuality "1"]
[WhiteTeam "Ashfield Breadsall"]
[BlackTeam "Jorvik"]
[WhiteTeamCountry "ENG"]
[BlackTeamCountry "ENG"]

1. e4 c5 2. Nf3 Nc6 3. d4 cxd4 4. Nxd4 Nf6 5. Nc3 e5 6. Ndb5 d6 7. Bg5 a6 8. Na3 b5 9. Bxf6 gxf6 10. Nd5 Bg7 11. c3 f5 12. exf5 Bxf5 13. Nc2 0-0 14. g3 Be4 15. f3 Bxd5 16. Qxd5 Ne7 17. Qd2 d5 18. Bg2 Qb6 19. Qf2 Rab8 20. Qxb6 Rxb6 21. 0-0-0 a5 22. a3 Rd8 23. Rhe1 Nc6 24. f4 e4 25. Re2 b4 26. axb4 axb4 27. c4 b3 28. Na3 Nd4 29. Red2 e3 30. Rxd4 e2 31. Rxd5 Rxd5 32. cxd5 Bxb2+ 0-1

[Event "BCF-chT3N 1718 (4NCL)"]
[Site "England"]
[Date "2018.01.13"]
[Round "3.52"]
[White "Hodge, Steve R"]
[Black "Eagleton, Greg T"]
[Result "0-1"]
[WhiteElo "1902"]
[BlackElo "2063"]
[PlyCount "54"]
[EventDate "2017.11.11"]
[EventType "team-swiss"]
[EventRounds "11"]
[EventCountry "ENG"]
[SourceTitle "EXT 2020"]
[Source "ChessBase"]
[SourceDate "2019.10.17"]
[SourceVersion "1"]
[SourceVersionDate "2019.10.17"]
[SourceQuality "1"]
[WhiteTeam "Jorvik"]
[BlackTeam "Bradford DCA Knights"]
[WhiteTeamCountry "ENG"]
[BlackTeamCountry "ENG"]

1. e4 c5 2. Nc3 e6 3. Nge2 Nc6 4. g3 a6 5. Bg2 Nf6 6. 0-0 Be7 7. d3 0-0 8. f4 d5 9. h3 b5 10. e5 Ne8 11. Nb1 Bb7 12. Nd2 f6 13. Nf3 Qc7 14. d4 cxd4 15. exf6 Nxf6 16. Nexd4 Nxd4 17. Nxd4 Bc5 18. Be3 Rae8 19. Bf2 e5 20. fxe5 Rxe5 21. Nb3 Bxf2+ 22. Rxf2 Rfe8 23. Nd4 Qc5 24. c3 Ne4 25. Rf3 b4 26. cxb4 Qxb4 27. Qb3 Qxd4+ 0-1

[Event "BCF-chT3N 1617 (4NCL)"]
[Site "England"]
[Date "2017.05.01"]
[Round "11.44"]
[White "Garnett, John S"]
[Black "Hodge, Steve R"]
[Result "1-0"]
[WhiteElo "1973"]
[BlackElo "1967"]
[PlyCount "55"]
[EventDate "2016.11.26"]
[EventType "team-swiss"]
[EventRounds "11"]
[EventCountry "ENG"]
[SourceTitle "EXT 2019"]
[Source "ChessBase"]
[SourceDate "2018.10.10"]
[SourceVersion "1"]
[SourceVersionDate "2018.10.10"]
[SourceQuality "1"]
[WhiteTeam "Ashfield Breadsall"]
[BlackTeam "Jorvik"]
[WhiteTeamCountry "ENG"]
[BlackTeamCountry "ENG"]

1. d4 f5 2. Bg5 g6 3. Nc3 Bg7 4. h4 h6 5. Bf4 Nf6 6. Qd3 d6 7. e4 fxe4 8. Nxe4 Bf5 9. Nxf6+ Bxf6 10. Qd2 Bg7 11. Bc4 Nd7 12. Ne2 e5 13. Be3 Qe7 14. 0-0-0 Nb6 15. Bb3 Be6 16. dxe5 dxe5 17. Qd3 Bf5 18. Qc3 Be6 19. Bxe6 Qxe6 20. Qxc7 0-0 21. Nc3 Rac8 22. Qd6 Qc4 23. Qxg6 Rc6 24. Rd6 Rxd6 25. Qxd6 e4 26. Bxh6 Rxf2 27. Bxg7 Kxg7 28. Qg3+ 1-0

[Event "BCF-chT3N 1617 (4NCL)"]
[Site "England"]
[Date "2017.03.18"]
[Round "7.44"]
[White "Boswell, Jacob Connor"]
[Black "Hodge, Steve R"]
[Result "1-0"]
[WhiteElo "1952"]
[BlackElo "1967"]
[PlyCount "133"]
[EventDate "2016.11.26"]
[EventType "team-swiss"]
[EventRounds "11"]
[EventCountry "ENG"]
[SourceTitle "EXT 2019"]
[Source "ChessBase"]
[SourceDate "2018.10.10"]
[SourceVersion "1"]
[SourceVersionDate "2018.10.10"]
[SourceQuality "1"]
[WhiteTeam "Cheddleton II"]
[BlackTeam "Jorvik"]
[WhiteTeamCountry "ENG"]
[BlackTeamCountry "ENG"]

1. e4 c5 2. Nf3 Nc6 3. d4 cxd4 4. Nxd4 Nf6 5. Nc3 e5 6. Ndb5 d6 7. Bg5 a6 8. Na3 b5 9. Bxf6 gxf6 10. Nd5 Bg7 11. Bd3 Ne7 12. Nxe7 Qxe7 13. Qf3 d5 14. 0-0 f5 15. Qg3 0-0 16. f3 Kh8 17. Kh1 Rg8 18. Qf2 Bb7 19. Rae1 dxe4 20. fxe4 f4 21. Nb1 Bf6 22. Rd1 Bh4 23. Qe2 Bc8 24. Nd2 Bg4 25. Nf3 Qe6 26. a4 Qh6 27. Nxe5 Bxe2 28. Nxf7+ Kg7 29. Nxh6 Bxf1 30. Nf5+ Kf6 31. Rxf1 Bg5 32. h4 bxa4 33. hxg5+ Kxg5 34. Ra1 Rab8 35. Rxa4 Rxb2 36. Rxa6 Rgb8 37. e5 Rb1+ 38. Kh2 Rd1 39. Nd6 f3 40. Ne4+ Kf4 41. Rf6+ Kxe5 42. Rxf3 Rg8 43. Nf6 Rg7 44. Nxh7 Rxd3 45. Rxd3 Rxh7+ 46. Kg3 Rg7+ 47. Kf2 Rf7+ 48. Rf3 Rd7 49. Ke2 Rc7 50. c3 Ra7 51. Rd3 Kf5 52. g3 Ra8 53. c4 Rc8 54. Rc3 Rc5 55. Ke3 Ke5 56. g4 Rc8 57. c5 Rc6 58. Rc1 Ke6 59. Ke4 Kd7 60. Kf5 Ke7 61. g5 Kf7 62. Rc2 Kg7 63. Ke5 Kg6 64. Kd5 Rc8 65. c6 Kxg5 66. c7 Kf6 67. Kd6 1-0

[Event "BCF-chT3N 1617 (4NCL)"]
[Site "England"]
[Date "2017.02.12"]
[Round "6.42"]
[White "Hodge, Steve R"]
[Black "Siddall, Phillip L"]
[Result "1-0"]
[WhiteElo "1967"]
[BlackElo "2155"]
[PlyCount "61"]
[EventDate "2016.11.26"]
[EventType "team-swiss"]
[EventRounds "11"]
[EventCountry "ENG"]
[SourceTitle "EXT 2019"]
[Source "ChessBase"]
[SourceDate "2018.10.10"]
[SourceVersion "1"]
[SourceVersionDate "2018.10.10"]
[SourceQuality "1"]
[WhiteTeam "Jorvik"]
[BlackTeam "3CS Oldham II"]
[WhiteTeamCountry "ENG"]
[BlackTeamCountry "ENG"]

1. e4 c5 2. Nc3 Nc6 3. g3 g6 4. Bg2 Bg7 5. d3 d6 6. f4 e6 7. Nf3 Nge7 8. 0-0 0-0 9. Be3 Nd4 10. e5 Nef5 11. Bf2 Nxf3+ 12. Qxf3 Nd4 13. Qd1 dxe5 14. fxe5 Bxe5 15. Na4 Bd7 16. c3 Nf5 17. Nxc5 Bc6 18. Ne4 Qc7 19. d4 Bg7 20. g4 Nd6 21. Bg3 Bxe4 22. Bxe4 e5 23. Bd5 exd4 24. Qb3 dxc3 25. bxc3 Qd7 26. Rad1 Qxg4 27. Bf3 Qg5 28. Rxd6 h5 29. Kh1 h4 30. Rd5 Qe7 31. Bd6 1-0

[Event "BCF-chT3N 1617 (4NCL)"]
[Site "England"]
[Date "2017.02.11"]
[Round "5.52"]
[White "Somton, Anita"]
[Black "Hodge, Steve R"]
[Result "1-0"]
[WhiteElo "1952"]
[BlackElo "1967"]
[PlyCount "63"]
[EventDate "2016.11.26"]
[EventType "team-swiss"]
[EventRounds "11"]
[EventCountry "ENG"]
[SourceTitle "EXT 2019"]
[Source "ChessBase"]
[SourceDate "2018.10.10"]
[SourceVersion "1"]
[SourceVersionDate "2018.10.10"]
[SourceQuality "1"]
[WhiteTeam "Ashfield Breadsall II"]
[BlackTeam "Jorvik"]
[WhiteTeamCountry "ENG"]
[BlackTeamCountry "ENG"]

1. d4 f5 2. g3 Nf6 3. Bg2 g6 4. Nf3 Bg7 5. 0-0 0-0 6. c4 d6 7. Nc3 Qe8 8. d5 a5 9. Rb1 Na6 10. b3 Bd7 11. Nd4 c6 12. Bb2 Nc7 13. dxc6 bxc6 14. Na4 e5 15. Nc2 d5 16. Nb6 Rd8 17. cxd5 cxd5 18. Nxd5 Nfxd5 19. Bxd5+ Nxd5 20. Qxd5+ Kh8 21. Ne3 f4 22. Nc4 Bh3 23. Qxa5 Qc6 24. f3 fxg3 25. hxg3 Rd5 26. Qb6 Qd7 27. Rfe1 h5 28. Qf2 e4 29. Nb6 e3 30. Qxe3 Bxb2 31. Nxd7 Bd4 32. Qxd4+ 1-0